| 000 | 00426nam a2200181Ia 4500 | ||
|---|---|---|---|
| 005 | 20240723024434.0 | ||
| 008 | 240331s9999 xx 000 0 und d | ||
| 020 | _a0415915295 | ||
| 082 |
_a291.172 _bSTA |
||
| 100 | _aStark,R | ||
| 245 | 0 | _aReligion,deviance and social control | |
| 260 |
_aNew York _bRoutledge _c1996 |
||
| 300 | _a213 p ., | ||
| 650 | _aReligion | ||
| 650 | _aSocial | ||
| 650 | _aPhilosophy | ||
| 942 | _cL | ||
| 999 |
_c847 _d847 |
||